Milliyetçilik üzerine güncel tartışmalar (Record no. 10222)

MARC details
000 -BAŞLIK
Sabit Uzunlukta Kontrol Alanı 00983na a2200301 4500
001 - KONTROL NUMARASI
Denetim Alanı 14600
003 - KONTROL NUMARASI IDENTIFIER
Denetim Alanı MIRAKIL
005 - SON İŞLEM TARİHİ VE ZAMANI
Denetim Alanı 20181213155311.0
008 - SABİT-BOY VERİ ELEMANLARI - GENEL BİLGİLER
Sabit Uzunlukta Kontrol Alanı 161031b tu 000 0
020 ## - ULUSLARARASI STANDART KİTAP NUMARASI
Uluslararası Standart Kitap Numarası 9786053991595
035 ## - SİSTEM KONTROL NUMARASI
Sistem Kontrol Numarası 14600
040 ## - KATALOGLAMA KAYNAK
Orijinal Kataloglama Ajansı Milas
Kataloglama Dili tur
Metne Dönüştürmek Ajansı TR-AnCHP
041 ## - DİL KODU
Metin / Ses Parça Veya Ayrı Başlığın Dil Kodu tur
082 ## - DEWEY ONLU SINIFLANDIRMA NUMARASI
Sınıflandırma Numarası 320.54
Ürün Numarası Ö94m 2010
090 ## - SINIFLAMA NUMARASI
Sınıflama Numarası 320.54 Ö94m 2010
100 ## - ANA GİRİŞ - KİŞİSEL İSİM
Kişisel Ad Özkırımlı, Umut
245 ## - BAŞLIK TABLOSU
Başlık Milliyetçilik üzerine güncel tartışmalar
Başlığın Kalan eleştirel bir müdahale
Sorumluluk Tablosu, Vb Umut Özkırımlı ; çeviren Yetkin Başkavak
260 ## - YAYIN, DAĞITIM, VB
Yayın, Dağıtım, Vb Yeri İstanbul
Yayıncı, Dağıtıcı, Vs Adı İstanbul Bilgi Üniversitesi Yayınları
Yayın, Dağıtım, Vb Tarihi 2010
300 ## - FİZİKSEL TANIM
Kapsam viii, 206 s.
Boyutlar 24 sm.
440 ## - SERİSİ TABLOSU / KATMA GİRİŞİ - BAŞLIK
Başlık İstanbul Bilgi Üniversitesi yayınları
Hacim / Ardışık Tanımı 313
490 ## - SERİSİ TABLOSU
Seri Beyanı Siyaset Bilimi
Hacim / Ardışık Tanımı 34
504 ## - KAYNAKÇA VB NOT
Kaynakça Vb Notu Kaynakça ve dizin var.
650 ## - KONU KATMA GİRİŞ - TOPİKAL DÖNEM
Topikal Süreli Veya Coğrafi Ad Giriş Elemanı Küreselleşme
Genel Alt Bölümü Toplumsal inşa
650 ## - KONU KATMA GİRİŞ - TOPİKAL DÖNEM
Topikal Süreli Veya Coğrafi Ad Giriş Elemanı Ulusalcılık
Genel Alt Bölümü Çok kültürlülük
650 ## - KONU KATMA GİRİŞ - TOPİKAL DÖNEM
Topikal Süreli Veya Coğrafi Ad Giriş Elemanı Ulusalcılık
Genel Alt Bölümü Felsefe ve kuram
700 ## - KATMA GİRİŞ - KİŞİSEL İSİM
Kişisel Ad Başkavak, Yetkin
942 ## - EKLENDİ GİRİŞ ELEMANLARI (KOHA)
Sınıflandırma Veya Raf Düzeni Kaynak Dewey Decimal Classification
Koha Öğesi Türü Books
999 ## - SİSTEM KONTROL NUMARALARI (KOHA)
Koha Biblionumber 10222
Koha Biblioitemnumber 10222
Holdings
Kalıcı Konum Mevcut Konum Edinme Tarihi Edinim Kaynak Toplam Check-Out'Lar Tam Çağrı Numarası Barkod Tarih Son Görülme İtibaren Geçerli Fiyatlar Koha Öğesi Türü
CHP Kütüphanesi CHP Kütüphanesi 08/29/2016 Bağış   320.54 Ö94m 2010 001443 08/29/2016 08/29/2016 Books